[Event "Odorheiu Secuiesc zt"]
[Site "Odorheiu Secuiesc"]
[Date "1995.??.??"]
[Round "4"]
[White "Marin, Mihail"]
[Black "Varga, Zoltan"]
[Result "1-0"]
[WhiteElo "2540"]
[BlackElo "2460"]
[Annotator "Marin,M"]
[PlyCount "111"]
[EventDate "1995.03.??"]
[EventType "swiss"]
[EventRounds "9"]
[EventCountry "ROU"]
[SourceTitle "CBM 047"]
[Source "ChessBase"]
[SourceDate "1995.08.01"]
[SourceVersion "1"]
[SourceVersionDate "1995.08.01"]
[SourceQuality "1"]

1. d4 d5 2. c4 dxc4 3. e3 Nf6 4. Bxc4 e6 5. Nf3 a6 6. Qe2 c5 7. dxc5 Bxc5 8.
O-O Nc6 (8... Qc7 9. Nbd2 Nc6 10. Bd3 Be7 11. b3 O-O 12. Bb2 Bd7 13. Rac1 Rfc8
14. Ne4 Nd5 15. Ne5 Be8 16. Nxc6 Bxc6 17. Qg4 g6 18. Bc4 Qd8 19. Rfd1 b5 20.
Bxd5 Bxd5 21. Rxc8 Qxc8 22. Nf6+ Bxf6 23. Bxf6 $16 {Salov,V-Ivanciuk,V Tilburg
1994}) 9. Nbd2 O-O 10. Bd3 Ba7 (10... b5 11. Ne4 Nxe4 (11... Be7 12. Nxf6+ Bxf6
13. Bxh7+ Kxh7 14. Qc2+) 12. Bxe4 Bb7 13. Qc2 $16) (10... Be7 $5) 11. b3 b5 $6
(11... Nb4 12. Bb1 b5 13. Bb2 Bb7 14. a4 bxa4 15. Rxa4 a5 16. Nc4 $14) 12. Ba3
$16 b4 (12... Re8 13. Ne4 Nxe4 14. Bxe4 Bb7 15. Rfd1 $16) (12... Nd5 13. Rac1
$1) 13. Bb2 Bb7 14. Ng5 h6 15. Nge4 Nxe4 16. Bxe4 f5 (16... Qe7 17. Rac1 Rac8
18. Rc4 Na5 19. Bxb7 Qxb7 20. Rg4 g6 21. Ne4) 17. Bf3 {(ץa7, ><c4, /^a1-h8)}
Qe7 18. Rac1 (18. Rfc1 $5 Rac8 19. Rc4 a5 20. Qd1) 18... Rac8 19. Rc4 (19. h3
Rfd8 20. Rc4 Qd6) 19... Na5 (19... a5 20. Rcc1 $1 {><b5} (20. Qd1 $5)) 20. Bxb7
Qxb7 (20... Nxc4 21. Bxc8 Nxd2 (21... Nxb2 22. Bxa6 $16) 22. Bxa6 $16) 21. Rcc1
$1 Rxc1 22. Rxc1 Rc8 23. Rxc8+ Qxc8 24. Nf3 Bc5 25. h3 Be7 26. e4 fxe4 (26...
f4 27. Qd2 g5 28. Qd4) (26... Nc6 27. exf5 exf5 28. Qc4+ Kh7 29. Nd4 (29. Ne5
Na7 30. Qf7) 29... Na7 30. Qxc8 Nxc8 31. Nxf5) 27. Qxe4 Nc6 (27... Qc6 28. Qg6
(28. Qxc6 Nxc6 29. Kf1 Kf7 30. Ke2 $16) 28... Bf6 29. Bxf6 Qc1+ 30. Ne1 $1 (30.
Kh2 Qf4+) 30... Qxe1+ 31. Kh2 $18) 28. Qc4 {(/\ 29.Nd4 Na7 30.Qxc8 Nxc8 31.
Nxe6)} Qd7 (28... Na7 29. Qg4 Bf8 30. Nd4 Kf7 31. Qh5+ Ke7 (31... Kg8 32. Qg6)
(31... g6 32. Qf3+ Ke7 33. Qe4 Kf7 34. Nf3) 32. Qg6 $18) 29. Qxa6 Qd1+ 30. Qf1
Qc2 31. Qc1 (31. Qa1 Bf8) 31... Qxc1+ 32. Bxc1 e5 33. Bb2 Bd6 34. Kf1 Kf7 35.
Ke2 Ke6 36. Nd2 Kd5 37. Nc4 Bc5 38. f3 g6 39. Kd3 h5 40. Bc1 Bd4 41. Bh6 Nd8
42. a4 bxa3 43. Nxa3 Ne6 44. b4 g5 45. Nc2 Nf4+ 46. Kd2 Nxg2 (46... Ne6 47.
Ne3+ Kc6 (47... Kd6 48. Nf5+ Kd5 49. Ng7 Nxg7 (49... Nf4 50. Bxg5 Nxg2 51. Nxh5
Kc4 52. Nf6 Kxb4 53. Kd3 Kc5 54. Ke4 Kd6 55. h4 $18) 50. Bxg7 Kc4 51. Bf6 $18)
(47... Bxe3+ 48. Kxe3 Nf4 49. Bxg5 Nxg2+ 50. Kf2 Nf4 51. Bxf4 exf4 52. Ke2 Kc4
53. Kd2 Kxb4 54. Kd3) 48. Nf5 Kb5 49. Ng7 Nf4 50. Bxg5 Nxg2 51. Nxh5 Kxb4 52.
Kd3) 47. Bxg5 $18 {פg2 [#]} (47. Nxd4 $4 Kxd4 48. Bxg5 Kc4 49. Ke2 Kxb4 50.
Kf2 Nf4 51. Bxf4 $4 exf4 52. Ke2 Kc3 $19) 47... Ba7 (47... Kc4 48. Nxd4 Kxd4 (
48... exd4 49. Ke2 d3+ 50. Kf2) 49. Ke2 Kc4 50. Kf2 Nf4 51. Bxf4 exf4 52. Ke2
Kxb4 53. Kd3 $18) 48. Kd3 (48. Ke2 e4 $5) 48... Bb6 49. b5 Bc5 50. Ne3+ Bxe3
51. Bxe3 Ne1+ 52. Ke2 Nc2 53. b6 Kc6 54. Kd3 Na3 55. Bf2 Nb1 $2 (55... Nb5 56.
Ke4 Kd6 57. Bg3 $5 (57. Kf5 $18) 57... Kc6 58. Bxe5 Kxb6 59. f4 Kc6 60. Kf5 Kd7
61. Kg6 $18) 56. Bc5 {/\Kc2} 1-0

[Event "RUS-chT 05th"]
[Site "Maikop"]
[Date "1998.06.03"]
[Round "1"]
[White "Yakovich, Yuri"]
[Black "Savchenko, Stanislav"]
[Result "1-0"]
[WhiteElo "2570"]
[BlackElo "2595"]
[Annotator "Petursson,M"]
[PlyCount "79"]
[EventDate "1998.06.03"]
[EventType "team-tourn"]
[EventRounds "11"]
[EventCountry "RUS"]
[SourceTitle "CBM 066"]
[Source "ChessBase"]
[SourceDate "1998.09.30"]
[SourceVersion "1"]
[SourceVersionDate "1998.09.30"]
[SourceQuality "1"]
[WhiteTeam "Elista Uralan"]
[BlackTeam "Noyabrsk Yamal"]
[WhiteTeamCountry "RUS"]
[BlackTeamCountry "RUS"]

1. d4 d5 2. c4 dxc4 3. e3 e6 4. Bxc4 c5 5. Nf3 Nf6 6. O-O Nc6 7. Nc3 a6 8. Qe2
b5 9. Bb3 cxd4 10. Rd1 Na5 11. Nxd4 Qc7 12. e4 Bb7 13. Bg5 Nxb3 14. axb3 Bd6
15. Bxf6 gxf6 16. Qh5 Qc5 $2 {[%tqu "En","Can you find the strongest move for
White?","Look, from g7 your knight is forking e8 and h5","Take a pawn with
your knight and leave your queen hanging.","d4e6","",15]} 17. Nxe6 $1 Qxh5 (
17... Bxh2+ 18. Qxh2 fxe6 19. Rd6 Ke7 (19... Rd8 $1 20. Rxe6+ (20. Rxd8+ Kxd8
21. Rd1+ Ke7 22. b4 Qe5 $14) 20... Kf7 21. b4 Qd4 22. Rexa6 Bxa6 23. Qh5+ Kg7
24. Rxa6 $16) 20. Rad1 $18) 18. Ng7+ Ke7 19. Nxh5 $16 Be5 20. Rd2 Bxc3 21. bxc3
Rhd8 22. Rc2 Rac8 23. f3 Rc5 24. Ng3 Bc8 25. Kf2 Rd3 26. Ne2 Be6 27. Rb2 Rc6
28. Ke1 Rcd6 29. Rc1 Rc6 30. Rd1 Rxd1+ 31. Kxd1 a5 32. Kd2 Ra6 33. Nd4 a4 34.
Ra2 Rd6 35. Kc1 Bxb3 36. Nxb3 axb3 37. Rb2 Rc6 38. Kd2 Rd6+ 39. Ke3 Rc6 40.
Rxb3 1-0

[Event "Interzonal-14c"]
[Site "Zagreb"]
[Date "1987.??.??"]
[Round "2"]
[White "Nogueiras Santiago, Jesus"]
[Black "Ehlvest, Jaan"]
[Result "1/2-1/2"]
[WhiteElo "2555"]
[BlackElo "2540"]
[Annotator "Ribli,Z"]
[PlyCount "91"]
[EventDate "1987.08.01"]
[EventType "tourn"]
[EventRounds "17"]
[EventCountry "YUG"]
[EventCategory "12"]
[SourceTitle "CBM 004"]
[Source "ChessBase"]
[SourceDate "1988.06.01"]
[SourceVersion "1"]
[SourceVersionDate "1988.06.01"]
[SourceQuality "1"]

1. d4 d5 2. c4 dxc4 3. Nf3 Nf6 4. e3 e6 5. Bxc4 c5 6. Qe2 a6 7. O-O b5 8. Bd3
cxd4 (8... Bb7) 9. exd4 Be7 10. a4 bxa4 11. Rxa4 O-O 12. Nc3 Bb7 13. Rd1 a5 14.
Ne5 $5 (14. Bg5) 14... Nc6 15. Bg5 Nb4 16. Bxf6 $5 Bxf6 17. Be4 Bxe4 (17... Rb8
$5) 18. Nxe4 Be7 19. g3 $6 (19. Ra3 $5) 19... Qc7 20. Raa1 Rfc8 21. Qh5 f6 22.
Qf7+ Kh8 23. Nd3 (23. Rac1 Qd8 24. Rxc8 Rxc8 25. Ng5 fxe5 26. Nxe6 Qg8 27. Qxe7
Re8) 23... Nxd3 24. Rxd3 Qc2 25. Rad1 Re8 $5 26. Nc5 (26. Qxe6 Bf8 $10) 26...
Bf8 $1 27. b3 (27. Nxe6 $2 Re7 $19) 27... e5 (27... Qe2 $1 {/\ Re7} 28. Qb7 e5)
28. R1d2 Qc1+ 29. Rd1 Qh6 (29... Qa3 $4 30. b4 $1 Qxb4 31. Rb3 $18) 30. Ne4
exd4 31. Rxd4 Qg6 $10 32. Nd6 Qxf7 33. Nxf7+ Kg8 34. Nd6 Re2 35. Kf1 Ra2 36.
R1d3 h5 37. Ne4 Rc8 38. Nc3 Rc2 39. Nd5 Bc5 40. Rf4 Kf7 41. Ne3 Rc1+ 42. Kg2
Re8 43. h4 Bxe3 44. Rxe3 Rxe3 45. fxe3 Rc5 46. b4 1/2-1/2